000 00598nam a22002057a 4500
999 _c8397
_d8397
003 AR-CdUCM
008 190325b ||||| |||| 00| 0 spa d
020 _a978-84-08-14147-1
040 _aMUNICIPALIDAD PROVINCIAL DEL CUSCO
_cBIBLIOTECA MUNICIPAL DEL CUSCO
082 _a828.9 /
_bH27
100 _aHawkins, Paula
_923571
245 _aLa chica del tren /
260 _aBarcelona :
_bPlaneta,
_c2017.
300 _a224 páginas ;
_c22.5 cm.
650 _aNovelas inglesas
_91158
650 _aSiglo XX
_98
700 _aMontoto, Aleix (traductor)
_923572
942 _2ddc
_cLIBROS
945 _aafb